<?xml version="1.0" encoding="UTF-8"?>
<record
    xmlns:xsi="http://www.w3.org/2001/XMLSchema-instance"
    xsi:schemaLocation="http://www.loc.gov/MARC21/slim http://www.loc.gov/standards/marcxml/schema/MARC21slim.xsd"
    xmlns="http://www.loc.gov/MARC21/slim">

  <leader>00810nam a22002057a 4500</leader>
  <datafield tag="999" ind1=" " ind2=" ">
    <subfield code="c">4648</subfield>
    <subfield code="d">4648</subfield>
  </datafield>
  <controlfield tag="001">15475</controlfield>
  <controlfield tag="003">BD-DhUAP</controlfield>
  <controlfield tag="005">20201228161148.0</controlfield>
  <controlfield tag="008">201116s2010    bg  |||| |||| 000 0 ben d</controlfield>
  <datafield tag="020" ind1=" " ind2=" ">
    <subfield code="a">9789848920008 </subfield>
  </datafield>
  <datafield tag="040" ind1=" " ind2=" ">
    <subfield code="a">BD-DhUAP</subfield>
    <subfield code="b">Ben</subfield>
    <subfield code="c">BD-DhUAP</subfield>
    <subfield code="d">BD-DhUAP</subfield>
  </datafield>
  <datafield tag="082" ind1=" " ind2=" ">
    <subfield code="2">23</subfield>
    <subfield code="a">930.10954923 BEG</subfield>
  </datafield>
  <datafield tag="100" ind1=" " ind2=" ">
    <subfield code="a">&#x9AC;&#x9C7;&#x997;&#x9AE;, &#x986;&#x9AF;&#x9BC;&#x9B6;&#x9BE;&#x964;</subfield>
  </datafield>
  <datafield tag="245" ind1=" " ind2=" ">
    <subfield code="a">&#x9AA;&#x9CD;&#x9B0;&#x9A4;&#x9CD;&#x9A8;&#x9A8;&#x9BF;&#x9A6;&#x9B0;&#x9CD;&#x9B6;&#x9A8; : &#x995;&#x9C1;&#x9AE;&#x9BF;&#x9B2;&#x9CD;&#x9B2;&#x9BE; /</subfield>
    <subfield code="c">&#x986;&#x9AF;&#x9BC;&#x9B6;&#x9BE; &#x9AC;&#x9C7;&#x997;&#x9AE;&#x964;</subfield>
  </datafield>
  <datafield tag="260" ind1=" " ind2=" ">
    <subfield code="a">&#x9A2;&#x9BE;&#x995;&#x9BE; : </subfield>
    <subfield code="b">&#x9AC;&#x9BE;&#x982;&#x9B2;&#x9BE;&#x9A6;&#x9C7;&#x9B6; &#x9AC;&#x9BF;&#x9B6;&#x9CD;&#x9AC;&#x9AC;&#x9BF;&#x9A6;&#x9CD;&#x9AF;&#x9BE;&#x9B2;&#x9AF;&#x9BC;,</subfield>
    <subfield code="c">c&#x9E8;&#x9E6;&#x9E7;&#x9E6;&#x964;</subfield>
  </datafield>
  <datafield tag="300" ind1=" " ind2=" ">
    <subfield code="a">[&#x9E8;&#x9E6;], &#x9E8;&#x9EA;&#x9E6; &#x9AA;&#x9C3;&#x9B7;&#x9CD;&#x9A0;&#x9BE; :</subfield>
    <subfield code="b">&#x99A;&#x9BF;&#x9A4;&#x9CD;&#x9B0; ;</subfield>
    <subfield code="c">&#x9E8;&#x9EB; &#x9B8;&#x9C7;&#x9AE;&#x9BF;.&#x964;</subfield>
  </datafield>
  <datafield tag="500" ind1=" " ind2=" ">
    <subfield code="a">&#x9A8;&#x9BF;&#x9B0;&#x9CD;&#x998;&#x9A3;&#x9CD;&#x99F; &#x9B8;&#x9AE;&#x9CD;&#x9AC;&#x9B2;&#x9BF;&#x9A4;&#x964;</subfield>
  </datafield>
  <datafield tag="650" ind1=" " ind2=" ">
    <subfield code="a">Archeology</subfield>
    <subfield code="z">Bangladesh.</subfield>
  </datafield>
  <datafield tag="942" ind1=" " ind2=" ">
    <subfield code="2">ddc</subfield>
    <subfield code="c">BK</subfield>
  </datafield>
  <datafield tag="952" ind1=" " ind2=" ">
    <subfield code="0">0</subfield>
    <subfield code="1">0</subfield>
    <subfield code="2">ddc</subfield>
    <subfield code="4">0</subfield>
    <subfield code="7">0</subfield>
    <subfield code="a">UAPCL</subfield>
    <subfield code="b">UAPCL</subfield>
    <subfield code="c">General Stacks</subfield>
    <subfield code="d">2020-11-16</subfield>
    <subfield code="o">930.10954923 BEG</subfield>
    <subfield code="p">3010015475</subfield>
    <subfield code="r">2020-11-16</subfield>
    <subfield code="t">1</subfield>
    <subfield code="w">2020-11-16</subfield>
    <subfield code="y">BK</subfield>
  </datafield>
  <datafield tag="952" ind1=" " ind2=" ">
    <subfield code="0">0</subfield>
    <subfield code="1">0</subfield>
    <subfield code="2">ddc</subfield>
    <subfield code="4">0</subfield>
    <subfield code="7">0</subfield>
    <subfield code="a">UAPCL</subfield>
    <subfield code="b">UAPCL</subfield>
    <subfield code="c">General Stacks</subfield>
    <subfield code="d">2020-11-16</subfield>
    <subfield code="o">930.10954923 BEG</subfield>
    <subfield code="p">3010015477</subfield>
    <subfield code="r">2020-11-16</subfield>
    <subfield code="t">2</subfield>
    <subfield code="w">2020-11-16</subfield>
    <subfield code="y">BK</subfield>
  </datafield>
  <datafield tag="952" ind1=" " ind2=" ">
    <subfield code="0">0</subfield>
    <subfield code="1">0</subfield>
    <subfield code="2">ddc</subfield>
    <subfield code="4">0</subfield>
    <subfield code="7">0</subfield>
    <subfield code="a">UAPCL</subfield>
    <subfield code="b">UAPCL</subfield>
    <subfield code="c">General Stacks</subfield>
    <subfield code="d">2020-11-16</subfield>
    <subfield code="o">930.10954923 BEG</subfield>
    <subfield code="p">3010015478</subfield>
    <subfield code="r">2020-11-16</subfield>
    <subfield code="t">3</subfield>
    <subfield code="w">2020-11-16</subfield>
    <subfield code="y">BK</subfield>
  </datafield>
  <datafield tag="952" ind1=" " ind2=" ">
    <subfield code="0">0</subfield>
    <subfield code="1">0</subfield>
    <subfield code="2">ddc</subfield>
    <subfield code="4">0</subfield>
    <subfield code="7">0</subfield>
    <subfield code="a">UAPCL</subfield>
    <subfield code="b">UAPCL</subfield>
    <subfield code="c">General Stacks</subfield>
    <subfield code="d">2020-12-28</subfield>
    <subfield code="l">2</subfield>
    <subfield code="o">930.10954923 BEG</subfield>
    <subfield code="p">3010015474</subfield>
    <subfield code="r">2021-09-23</subfield>
    <subfield code="s">2021-09-23</subfield>
    <subfield code="t">4</subfield>
    <subfield code="w">2020-12-28</subfield>
    <subfield code="y">BK</subfield>
  </datafield>
  <datafield tag="952" ind1=" " ind2=" ">
    <subfield code="0">0</subfield>
    <subfield code="1">0</subfield>
    <subfield code="2">ddc</subfield>
    <subfield code="4">0</subfield>
    <subfield code="7">0</subfield>
    <subfield code="a">UAPCL</subfield>
    <subfield code="b">UAPCL</subfield>
    <subfield code="c">General Stacks</subfield>
    <subfield code="d">2020-12-28</subfield>
    <subfield code="o">930.10954923 BEG</subfield>
    <subfield code="p">3010015476</subfield>
    <subfield code="r">2020-12-28</subfield>
    <subfield code="t">5</subfield>
    <subfield code="w">2020-12-28</subfield>
    <subfield code="y">BK</subfield>
  </datafield>
</record>
